Los procedimientos de cita: estilo directo y estilo indirecto
Saved in:
| 主要作者: | |
|---|---|
| 格式: | 圖書 |
| 語言: | 西班牙语 |
| 出版: |
Madrid
Arco Libros
1995
|
| 版: | 2a. ed |
| 叢編: | Cuadernos de Lengua Española
|
| 主題: | |
| 標簽: |
添加標簽
沒有標簽, 成為第一個標記此記錄!
|
MARC
| LEADER | 00000nam a2200000 a 4500 | ||
|---|---|---|---|
| 001 | UCN5903 | ||
| 003 | CL-VaPUC | ||
| 008 | 010913e19950000SP |||||||||||||||||spa|d | ||
| 082 | 0 | 4 | |a 465 |b REY |2 21 |
| 100 | 0 | |a Reyes, Graciela |e author |9 461594 | |
| 245 | 1 | 4 | |a Los procedimientos de cita: estilo directo y estilo indirecto |
| 250 | |a 2a. ed | ||
| 300 | |a 54 p | ||
| 942 | |c BK | ||
| 945 | |d 20010913 00:00:00 |a rbrito | ||
| 260 | |a Madrid |b Arco Libros |c 1995 | ||
| 650 | 0 | |a Español |9 255372 | |
| 650 | 0 | |a Gramática |9 270497 | |
| 650 | 0 | |a Estilo literario |9 316417 | |
| 650 | 0 | |a Escritura |9 264941 | |
| 650 | 7 | |a EJERCICIO DE ESCRITURA |2 CL-VaPUC |9 461595 | |
| 583 | |a last modification |c 20010913 00:00:00 |k Rodrigo Vera | ||
| 490 | 0 | |a Cuadernos de Lengua Española | |
| 999 | |c 297006 |d 297004 | ||
| 952 | |0 0 |1 0 |4 0 |6 465_000000000000000_REY_1995 |7 0 |8 A |9 351377 |a FDOPOS |b FDOPOS |d 2019-11-21 |i 3719731 |o 465 REY 1995 |p 3719731 |r 2025-01-22 |w 2019-11-21 |y BK |k MLA | ||
| 952 | |0 0 |1 0 |4 0 |6 465_000000000000000_REY_1995 |7 0 |8 A |9 351378 |a FDOPOS |b FDOPOS |d 2019-11-21 |i 377421K |o 465 REY 1995 |p 377421K |r 2025-01-22 |w 2019-11-21 |y BK |k MLA | ||
| 952 | |0 0 |1 0 |4 0 |6 465_000000000000000_REY_1995 |7 0 |8 A |9 351379 |a FDOPOS |b FDOPOS |d 2019-11-21 |i 4089529 |o 465 REY 1995 |p 4089529 |r 2025-01-22 |w 2019-11-21 |y BK |k MLA | ||